Exploring the gender gap in achievement in Malaysia : relationship with learning style /
Saved in:
| Main Author: | |
|---|---|
| Format: | Thesis |
| Language: | English |
| Published: |
Gombak, Selangor :
Institute of Education, International Islamic University Malaysia,
2009
|
| Subjects: | |
| Online Access: | http://studentrepo.iium.edu.my/handle/123456789/3841 |
| Tags: |
Add Tag
No Tags, Be the first to tag this record!
|
| LEADER | 023060000a22004570004500 | ||
|---|---|---|---|
| 001 | 480918 | ||
| 005 | 20230420100950.0 | ||
| 008 | 100507t2009 my a g 000 0 eng d | ||
| 035 | |a (Sirsi) 480918 | ||
| 040 | |a UIAM |b eng | ||
| 043 | |a a-my--- | ||
| 050 | 0 | 0 | |a LB1060 |
| 100 | 0 | |a Nadia Ainuddin Dahlan |9 68584 | |
| 245 | 1 | 0 | |a Exploring the gender gap in achievement in Malaysia : |b relationship with learning style / |c by Nadia Ainuddin Dahlan |
| 260 | |a Gombak, Selangor : |b Institute of Education, International Islamic University Malaysia, |c 2009 | ||
| 300 | |a xiv, 146 leaves : |b ill. ; |c 30 cm. | ||
| 336 | |2 rdacontent | ||
| 337 | |2 rdamedia | ||
| 338 | |2 rdacarrier | ||
| 500 | |a Abstract in English and Arabic. | ||
| 500 | |a "A dissertation submitted in partial fulfilment of the requirements for the degree of Master of Education."--On t.p. | ||
| 502 | |a Thesis (MHSCM)--International Islamic University Malaysia, 2009. | ||
| 504 | |a Includes bibliographical references (leaves 137-146). | ||
| 530 | |a Also available on 4 3/4 in computer optical disc. | ||
| 650 | 0 | |a Learning |9 9365 | |
| 650 | 0 | |a Cognitive styles |9 68585 | |
| 650 | 0 | |a Education, Secondary |z Malaysia |9 68586 | |
| 650 | 0 | |a Academic achievement |z Malaysia |9 68587 | |
| 650 | 0 | |a Sex discrimination in education |z Malaysia |9 68588 | |
| 650 | 0 | |a Sex differences in education |z Malaysia |9 68589 | |
| 655 | 0 | 7 | |a Theses, IIUM local |
| 690 | 0 | |a Dissertations, Academic |x Institute of Education |z IIUM |9 15729 | |
| 710 | 2 | |a International Islamic University Malaysia. |b Institute of Education |9 15730 | |
| 730 | |a Exploring the gender gap in achievement in Malaysia : relationship with learning style (Computer file) |9 68590 | ||
| 856 | 4 | |u http://studentrepo.iium.edu.my/handle/123456789/3841 | |
| 900 | |a hj-ajt-rmb | ||
| 942 | |2 lcc |n 0 | ||
| 999 | |c 434264 |d 466377 | ||
| 952 | |0 0 |6 LU T LB1060 N136E 2009 |7 0 |8 THESES |9 753821 |a IIUM |b IIUM |c CLOSEACCES |g 0.00 |o lu t LB1060 N136E 2009 |p 00011275009 |r 2017-10-25 |t 1 |v 0.00 |y THESIS | ||
| 952 | |0 0 |6 T LB 001060 N136E 2009 |7 0 |8 THESES |9 756025 |a IIUM |b IIUM |c MULTIMEDIA |g 0.00 |o t LB1060 N136E 2009 |p 00011147099 |r 2017-10-19 |t 1 |v 0.00 |y THESIS | ||
| 952 | |0 0 |6 TS CDF LB1060N136E 2009 |7 0 |8 THESES |9 837838 |a IIUM |b IIUM |c MULTIMEDIA |g 0.00 |o ts cdf LB1060N136E 2009 |p 11100326152 |r 2017-10-27 |t 1 |v 0.00 |y THESISDIG | ||
